Poetisas de América
Gespeichert in:
| 1. Verfasser: | |
|---|---|
| Format: | Buch |
| Sprache: | Undetermined |
| Veröffentlicht: |
Washington, Estados Unidos
The Mitchell press
1960
|
| Schlagworte: | |
| Tags: |
Tag hinzufügen
Keine Tags, Fügen Sie den ersten Tag hinzu!
|
MARC
| LEADER | 00000nam a2200000Ia 4500 | ||
|---|---|---|---|
| 008 | 170316s9999 xx 000 0 und d | ||
| 040 | |a cru BVZT | ||
| 090 | |a A-860 W-1p | ||
| 100 | |a Wohl Patterson, Helen | ||
| 245 | |a Poetisas de América | ||
| 260 | |a Washington, Estados Unidos | ||
| 260 | |b The Mitchell press | ||
| 260 | |c 1960 | ||
| 300 | |a 219páginas | ||
| 650 | |a LITERATURA LATINOAMERICANA | ||
| 650 | |a ANTOLOGÍA | ||
| 999 | |c 12554 |d 12554 | ||
| 942 | |c 15 D |h A-860 W-1p |2 z | ||
